000 00570nam a22002057a 4500
003 OSt
005 20140310182930.0
008 130131t xxu||||| |||| 00| 0 eng d
020 _a9712333213
050 _aPL 6054
_b.R896 2002
082 _aFIL 499.211
_b.K5 2002
245 _aKasaysayan at pag-unlad ng wikang pambansa ng Pilipinas
_cRubin, Ligaya Tiamskon...[et al.]
260 _aManila
_bRex Book store
_c2002
300 _a233 p.
_c22 cm.
521 _acollege students
526 _c1210L-1700L
541 _j1
562 _e1
942 _2lcc
_cBK
_kFIL
999 _c17506
_d17506